| 000 | 00739nam0a22002411 4500 | ||
|---|---|---|---|
| 001 | rc\40210 | ||
| 005 | 20250620155101.0 | ||
| 010 |
_a5-85846-017-8 _9100000 |
||
| 035 | _a(NLR Aleph) 005322235 | ||
| 090 |
_a6500866 _c6500866 |
||
| 100 | _a20021216d1992 |||y0rusy50 ca | ||
| 101 | 0 | _arus | |
| 102 | _aRU | ||
| 105 | _aa ||||||||| | ||
| 200 | 1 |
_aПоведение собак _fПер. с фин. Ю.К. Каявы _gПод ред. [и с предисл.] Л.А. Гибет _gРис. авт. |
|
| 210 |
_aМ. _cВосхождение _d1992 |
||
| 215 |
_a158, [2] с. _cил. _d22 |
||
| 700 | 1 |
_aБергман _bЕ. _gЕран |
|
| 801 | 0 |
_aRU _bNLR _gpsbo |
|
| 801 | 1 |
_aRU _bELAR _2rusmarc |
|
| 852 |
_aNLR _j92-5/679 |
||
| 942 | _cBOOK | ||
| 980 | _aNB | ||